L'anno dell'uragano : romanzo /

Gorde:
Xehetasun bibliografikoak
Egile nagusia: Lansdale, Joe R. (Egilea)
Beste egile batzuk: Evangelisti, Valerio (Amaieraren egilea), Rossi, Umberto, (1960- ) (Itzultzailea)
Formatua: Liburua
Hizkuntza:italiera
Argitaratua: Roma : Fanucci, 2004
Saila:Immaginario. Dark
Etiketak: Etiketa erantsi
Etiketarik gabe, Izan zaitez lehena erregistro honi etiketa jartzen!

MARC

LEADER 00000nam a22000007i 4500
001 IT\ICCU\RMS\1153065
003 ItRI
005 20250220225608.0
008 040920s2004 it |||||| ||||| |||||c
020 |a 8834710290 
040 |b ita  |c ARCIGAY RIMINI 
041 7 |a ita  |2 ISO-639-2 
100 1 |a Lansdale, Joe R.  |0 IT\ICCU\RAVV\085347  |4 aut 
240 1 4 |a The big blow  |9 Lansdale, Joe R. 
245 1 2 |a L'anno dell'uragano :  |b romanzo /  |c Joe R. Lansdale ; traduzione dall'inglese di Umberto Rossi ; postfazione di Valerio Evangelisti. 
260 |a Roma :  |b Fanucci,  |c 2004 
300 |a 153 p. ;  |c 23 cm. 
700 1 |a Evangelisti, Valerio  |0 IT\ICCU\CFIV\062547  |4 aft 
700 1 |a Rossi, Umberto,  |d  (1960- )  |0 IT\ICCU\CFIV\214208  |4 trl 
830 0 |a Immaginario. Dark  |0 IT\ICCU\UM1\0040251 
942 |2 ddc  |c BK 
952 |0 0  |1 0  |2 ddc  |4 0  |6 813_500000000000000_LAN_ANN  |7 1  |9 3302  |a RN  |b RN  |d 2025-02-20  |e DONO RIMONDINI  |l 0  |o 813.5 LAN ANN  |p 10561  |r 2025-02-20 22:56:33  |w 2025-02-20  |y BK 
981 1 |6 z01  |a i   |b xxxe  
982 1 |6 z01  |a n 
999 |c 2619  |d 2619